Statistiken für Schnelle Mathematik - Zahlen Level 05

Klicken Sie hier um das Quiz zu spielen!

Allgemein

  • Dieses Quiz wurde 141 mal gespielt
  • Das Durchschnittsergebnis liegt bei 19 aus 20

Antwortstatistiken

Nummer% Korrekt
19
100%
20
100%
16
97%
17
97%
18
97%
14
96%
15
96%
13
94%
11
93%
12
93%
10
92%
5
92%
6
92%
7
92%
8
92%
9
92%
4
90%
1
89%
2
89%
3
89%

Verteilung der Resultate

Perzentil nach korrekt beantworteten Fragen

Anzahl Personen mit jedem Resultat

Ihre Resultats-Entwicklung

Sie haben dieses Quiz noch nicht gespielt